| Tag |
First Indicator |
Second Indicator |
Subfields |
| LEADER |
00000nam a2200000 4500 |
| 001 |
in00004289949 |
| 005 |
20200813084545.0 |
| 006 |
m g d |
| 007 |
cr bn |||a|bb| |
| 008 |
850426s1653 enk o 00| | eng d |
| 035 |
|
|
|a (UnM)99873054
|
| 037 |
|
|
|a CL0051000004
|b ProQuest Information and Learning. 300 N. Zeeb Rd., Ann Arbor, MI 48106
|
| 040 |
|
|
|a Cu-RivES
|c Cu-RivES
|d CStRLIN
|e dcrb
|d WaOLN
|
| 245 |
0 |
3 |
|a An Abstract of the several letters, and choice occurrences, brought by the last post from Denmark, France, Sweden, and Holland, concerning the affaires and designes of the Common-Wealth of England. :
|b Comprising these ensuing particulars, viz. I The new orders and instructions of the states of Holland, sent to Admiral Vantrump; with his letter to their lordships; the advancing of the fleet from the Isle of Rhee; the randezbouzing of their forces at Saint Martins; their message to the East-Indy Company, Merchants, and hanx-towns; and their decree and declaration for the supplying the Vantrump with men, monies, and a new fleet of shipping. II The advancing of the King of Scots from France; and a bloudy fight between the French and Dutch at the city of Bourdeaux; with the full particulars, and the event and success thereof. III The rising of the Hollanders against Mr. Bradshaw, the Parliaments agent in Denmark; their falling upon him with sword and pistol; his letter to the King; and his Majesties answer. IIII [sic] The taking of a coach laden with gold going for Holland; and the manner theroof; with the resolution of the officers and sea-men at Chattam. Licensed according to the late act for printing.
|
| 260 |
|
|
|a London, :
|b Printed for George Horton,
|c 1653.
|
| 300 |
|
|
|a 1 online resource (8 pages)
|
| 336 |
|
|
|a text
|b txt
|2 rdacontent
|
| 337 |
|
|
|a computer
|b c
|2 rdamedia
|
| 338 |
|
|
|a online resource
|b cr
|2 rdacarrier
|
| 500 |
|
|
|a Annotation on Thomason copy: "Jan. 28 1652"; the '3' in the imprint has been crossed out.
|
| 500 |
|
|
|a Reproduction of the original in the British Library.
|
| 510 |
4 |
|
|a Wing (2nd edition)
|c A143.
|
| 510 |
4 |
|
|a Thomason
|c E.684[32].
|
| 533 |
|
|
|a Electronic reproduction.
|b Ann Arbor, Mich. :
|c UMI,
|d 1999-
|f (Early English books online)
|n Digital version of: (Thomason Tracts ; 105:E684[32])
|7 s1999 miun s
|
| 650 |
|
0 |
|a Anglo-Dutch War, 1652-1654.
|
| 830 |
|
0 |
|a Early English books online.
|
| 856 |
4 |
0 |
|u http://proxy.library.tamu.edu/login?url=https://search.proquest.com/docview/2240945828
|z Connect to the full text of this electronic book
|t 0
|
| 999 |
f |
f |
|s c66bad7f-a681-3ab4-aa6e-56c2058514ef
|i 0c206d19-6f03-3217-85b6-7b0b51b19c13
|t 0
|
| 952 |
f |
f |
|a Texas A&M University
|b College Station
|c Electronic Resources
|d Available Online
|t 0
|h No information provided
|
| 998 |
f |
f |
|t 0
|l Available Online
|